000 00198 a2200085 4500
020 _a9780486250236
100 _aLe-corbusier
245 _aTowards a New Architecture
260 _bDover Publications Inc.
999 _c13303
_d13303